000 00968nam a22003017a 4500
003 CHAP
005 20220329134241.0
008 971013s1962 r 00010 d
010 _a17614
011 _a18586
035 _a22671
040 _cCHAP
090 _aFolleto 429
100 0 0 _aCauchon, René.
_920571
245 _aCatalogue of cultures of living fungi maintained at the Forest Research Laboratory, Quebec city
260 _aCanadá :
_bForest Entomology and Pathology Branch,
_c1962
300 _a24 h.
590 _aBATCH-UPD
_b10
_c20130110
_lUCH01
_h0124
590 _aBATCH-UPD
_b10
_c20130110
_lUCH01
_h1359
590 _aBATCH-UPD
_b10
_c20130410
_lUCH01
_h0851
590 _aBATCH-UPD
_b10
_c20130914
_lUCH01
_h0830
590 _aCONVERSION
_b10
_c20130109
_lUCH01
_h1311
650 1 4 _aHongos.
_956084
710 0 _aCanada. Department of Forestry.
_918192
901 _aBK
942 _cFOLL
949 _aFolleto 429
_bBC
_cFOLL
_d-53065
_eTS1
_i22671
_si
999 _c17614
_d17614